000 01334nam a2200253 u 4500
001 000183494
003 AM-YEHGA
005 20250618071402.0
008 030329s1973 ru ||| |||||||||||||rus|d
040 _aAM-YeHGA
041 1 _arus
_harm
100 1 _aՉարենց, Եղիշե Աբգարի,
_d1897-1937
_91327
245 1 0 _aСтихотворения и поэмы /
_cЕгише Чаренц ; Сост. А.Н.Салахяна ; Вступ. ст. А.Н.Салахяна и Э.С.Топчяна. ; Ред. стихотворных пер. С.В.Шервинского. ; Общ. ред. и примеч. Г.А.Татосяна.
260 _aЛенинград :
_bСов. писатель. Ленингр. отд-ние,
_c1973.
300 _a525 с. ;
_c20 см.
440 0 _aБиблиотека поэта (2-е изд.).
_pБольшая серия
650 1 4 _aАрмянская литература
_xПоэзия
700 1 _aՍալախյան, Հակոբ Նշանի,
_d1922-1969
_eавт. вступ. ст.
_4aui
_92776
700 1 _aԹոփչյան, Էդուարդ Ստեփանի,
_d1911-1975
_eавт. вступ. ст.
_4aui
_91090
700 1 _aԹաթոսյան, Գևորգ Ալեքսանդրի,
_d1922-
_eред.
_4edt
_91145
700 1 _aШервинский, С.
_eред.
_4edt
942 _2udc
_cBK
090 _c64419
999 _c63328
_d63328